Hlad po informáciách cez internet

Komerčné banky začínajú medzi sebou súťažiť aj s webovými stránkami. Internet banking ako jedna z najdôležitejších distribučných ciest. Integrovaný retailový portál. Filozofia internetových stránok komerčných bánk.

Na minha lista:
Detalhes bibliográficos
Autor principal: Onuferová, Marianna
Formato: Capítulo de Livro
Idioma:eslovaco
Assuntos:
Tags: Adicionar Tag
Sem tags, seja o primeiro a adicionar uma tag!

MARC

LEADER 00000naa a2200000 4500
001 r045908
005 20230920074742.6
041 0 |a slo 
044 |a SK 
245 1 0 |a Hlad po informáciách cez internet  |c Marianna Onuferová 
520 |a Komerčné banky začínajú medzi sebou súťažiť aj s webovými stránkami. Internet banking ako jedna z najdôležitejších distribučných ciest. Integrovaný retailový portál. Filozofia internetových stránok komerčných bánk. 
610 2 0 |a internetbanking 
610 2 0 |a banky 
610 2 0 |a bankovníctvo 
610 2 0 |a klienti 
610 2 0 |a technológie informačné 
610 2 0 |a technológie komunikačné 
100 1 |a Onuferová, Marianna